| 000 | 00500cam a22002051 4500 | ||
|---|---|---|---|
| 001 | sa 64007707 | ||
| 003 | DLC | ||
| 005 | 20260227112049.0 | ||
| 008 | 890406s1963 xx 000 0 tamo | ||
| 010 | _asa 64007707 | ||
| 035 | _a(OCoLC)23573915 | ||
| 040 |
_aDLC _cMiU _dDLC |
||
| 042 | _apremarc | ||
| 050 | 0 | 0 |
_aGR305 _b.M37 |
| 245 | 0 | 0 | _aMatanakāmarājan & Tenālirāman. |
| 260 | _c[1963] | ||
| 300 |
_a256 p. _c19 cm. |
||
| 500 | _aRomanized. | ||
| 650 | 0 |
_aTamil (Indic people) _xFolklore |
|
| 999 |
_c60428 _d60428 |
||